U.S. Congressional Districts #32 - New York - Statistics

General Stats
  • This quiz has been taken 7 times
  • The average score is 21 of 26
Answer Stats
Picture Answer % Correct
NY01
100%
NY02
100%
NY03
100%
NY21
100%
NY23
100%
NY25
100%
NY11
86%
NY12
86%
NY13
86%
NY18
86%
NY19
86%
NY20
86%
NY24
86%
NY26
86%
NY04
71%
NY05
71%
NY06
71%
NY07
71%
NY08
71%
NY09
71%
NY10
71%
NY14
71%
NY15
71%
NY16
71%
NY17
71%
NY22
71%
No matching quizzes found
Score Distribution
Percent of People with Each Score
Percentile by Number Answered
Your Score History
You have not taken this quiz